| 000 | 00868nam a2200229Ii 4500 | ||
|---|---|---|---|
| 003 | JO-AjNU | ||
| 008 | 230605s9999||||xx |||||||||||||| ||und|| | ||
| 017 | _a2006/10/2699 | ||
| 020 | _a9957-07-484-11 | ||
| 040 |
_aJO-AjNU _bara _erda _cJO-AjNU |
||
| 041 | _aara | ||
| 050 | 1 | 4 | _aLC4704.L4312 2007 |
| 100 | 3 |
_aهالاهان،دانيال مؤلف/كوفمان،جيمس م.مشارك.... وآخرون /محمد،عادل عبدالله مترجم, _eauthor _923148 |
|
| 245 | 0 | 0 | _aصعوبات التعلم = Learning Disabilities :مفهومها - طبيعتها - التعليم العلاجي |
| 250 | _aط3 | ||
| 264 | 3 | 1 | _aعمان:دار الفكر،2009 |
| 300 | _a700ص | ||
| 336 |
_atext _btxt _2rdacontent |
||
| 337 |
_aunmediated _bn _2rdamedia |
||
| 338 |
_avolume _bnc _2rdacarrier |
||
| 650 | 4 |
_aصعوبات التعلم-التربية _923149 |
|
| 999 |
_aA8330 _c11898 _d11898 |
||